| 000 | 00503 a2200181 4500 | ||
|---|---|---|---|
| 001 | 066355 | ||
| 003 | OSt | ||
| 005 | 20210927141017.0 | ||
| 008 | |||
| 082 |
_a005.8 _bH21M |
||
| 100 | 1 | _aDondeti, Lakshminath R. | |
| 245 | 1 |
_aMulticast and group security _cby Lakshminath R. Dondeti and Thomas Hardjono |
|
| 260 |
_aBoston _bArtech House _c2003 |
||
| 300 | _a307p. | ||
| 690 | _aComputer networks--Security measures | ||
| 700 | _aHardjono, Thomas | ||
| 942 |
_2ddc _cBK |
||
| 999 |
_c422 _d422 |
||